000 00676cam a22002291a 4500
001 sa 66005423
003 DLC
005 20260227112249.0
008 830304s1965 ii 000 0 eng
010 _asa 66005423
025 _aPL480:I-E-5527
035 _a(OCoLC)9280107
040 _aDLC
_cHU
_dHU
_dDLC
042 _apremarc
050 0 0 _aDS481.G3
_bA255
100 1 _aGandhi,
_cMahatma,
_d1869-1948.
245 1 0 _aMy picture of free India /
_cby M.K. Gandhi ; edited & published by Anand T. Hingorani.
260 _aBombay :
_bBharatiya Vidya Bhavan,
_c1965.
300 _aix, 230 p. ;
_c19 cm.
504 _aBibliography: p. [223]
651 0 _aIndia
_xCivilization.
999 _c69946
_d69946